01427naa a22003377a 4500001001000000003000900010005001700019007000300036008003400039040005400073041000900127072003100136100002600167100001700193100001400210100002200224111008800246245017600334246018300510246004300693250001100736260003900747500011000786650001700896650002200913650000900935650001400944650001900958650001200977773010000989BR8200093BR-BrBNA20240918175106.0ta230509b bl.||||| |||| 00| 0 por d aBR-BrBNAbporcBiblioteca Nacional de Agricultura a(Pt) aH60; H50b0336b3876bG5141 aVelloso, J.A.R. de O.1 aVieira, S.A.1 aBen, J.R.1 aBertagnolli, P.F.1 a9. Reuniao de Pesquisa de Soja da Regiao SulcPasso Fundo, RS (Brazil)d29 Jul 19811 aEficiencia e seletividade de herbicidas de pre e pos-emergencia no controle de folhas largas para a cultura da soja [Glycine max; Herbicida; Toxidez; Fitotoxidade; Brasil]1 a[Efficiency and selectiveness of previous and post-emergence herbicides in the control of broad leaves for soybean crop [Glycine max; Herbicide; Toxicity; Phytotoxicity; Brazil]]1 a[Soybean. Research findings 1980-1981]1 a2. ed.3 aPasso Fundo, RS (Brasil): c1981.  aSoja. Resultados de Pesquisa 1980-1981 2. ed. Passo Fundo, RS (Brasil): 1981. p. 76-81 (BR8200093-AM)H60  aErva daninha aDisturbio vegetal aSoja aHerbicida aFitotoxicidade aToxidez0 tSoja. Resultados de Pesquisa 1980-1981wH60 BR8200093gPasso Fundo, RS (Brasil), 1981. p. 76-81